| 000 | 00901nam a22002771 4500 | ||
|---|---|---|---|
| 001 | 33756 | ||
| 003 | BD-RjUL | ||
| 005 | 20211209052044.0 | ||
| 008 | 140511s19721966enk b 001 0 eng d | ||
| 035 | _a(BD-RjUL)33847 | ||
| 035 | _a(OCoLC)254603 | ||
| 040 |
_aDLC _cODaWU _dUk _dDLC _dBD-RjUL _beng |
||
| 041 | _aeng | ||
| 082 | 0 | 0 |
_a301 _bOGH 1972 |
| 100 | 1 |
_aOgburn, William Fielding _d1886-1959. _9100618 |
|
| 245 | 1 | 2 |
_aA handbook of sociology / _cWilliam Fielding Ogburn and Meyer F. Nimkoff |
| 250 | _a2nd. Indian Reprinted | ||
| 260 |
_bDelhi : _c1966 [Indian Reprinted 1972] _aRajendra Priters Ltd, |
||
| 300 |
_axvi, 644 p. ; _c23 cm. |
||
| 504 | _aIncludes bibliographical references and Index. | ||
| 650 | 0 |
_aSociology. _9100619 |
|
| 700 | 1 |
_aNimkoff, Meyer Francis, _d1904- _ejoint author. _9100620 |
|
| 942 |
_2ddc _cBK _02 |
||
| 999 |
_c33756 _d33756 |
||